|
|
|
|
| LEADER |
00000nas a2200000 4500 |
| 001 |
ssj0000396890 |
| 003 |
WaSeSS |
| 005 |
20200512172242.0 |
| 006 |
m d |
| 007 |
cr n |
| 008 |
750817c19049999xv qx p s 0 b0slv c |
| 010 |
|
|
|a 57057377
|z sn 90000354
|
| 015 |
|
|
|a 011958049
|2 dnb
|
| 016 |
7 |
|
|a 100967079
|2 DNLM
|
| 016 |
7 |
|
|a 339038-X
|2 DE-600
|
| 016 |
7 |
|
|a 011958049
|2 de-101
|
| 016 |
7 |
|
|a 339038x
|2 de-600
|
| 022 |
|
|
|l 0590-5966
|y 0590-5966
|
| 035 |
|
|
|a (WaSeSS)ssj0000396890
|
| 040 |
|
|
|a MUL
|b eng
|c MUL
|d YUS
|d UCU
|d IUL
|d AIP
|d NSD
|d DLC
|d IUL
|d SYS
|d NLM
|d OCLCQ
|d IUL
|d OCLCQ
|d GBVCP
|d OCLCF
|d OCL
|d OCLCO
|d GZM
|d IUL
|d WaSeSS
|
| 041 |
0 |
|
|a slv
|b eng
|b fre
|b ger
|b ita
|b rus
|f eng
|
| 042 |
|
|
|a pcc
|a premarc
|
| 043 |
|
|
|a e-xv---
|
| 050 |
0 |
0 |
|a DR381.S6
|b C3
|
| 210 |
0 |
|
|a Čas. zgod. narodop.
|
| 222 |
|
0 |
|a Časopis za zgodovino in narodopisje.
|
| 245 |
0 |
0 |
|a Časopis za zgodovino in narodopisje
|h [electronic resource].
|b Review for history and ethnography.
|
| 246 |
3 |
1 |
|a Review for history and ethnography
|
| 260 |
|
|
|a Maribor,
|b Univerza v Mariboru in Zgodovinsko društvo Maribor
|
| 310 |
|
|
|a Four no. a year,
|b <1998->
|
| 321 |
|
|
|a Quarterly,
|b 1904-1940
|
| 321 |
|
|
|a Annual,
|b 1965-<1996>
|
| 362 |
0 |
|
|a l. 1-35, 1904-1940; nova vrsta, 1.- letnik, 1965-
|
| 506 |
|
|
|a License restrictions may limit access.
|
| 515 |
|
|
|a Some issues combined.
|
| 546 |
|
|
|a Tables of contents also in English; summaries in English, French, German, Italian, or Russian, 1965-
|
| 555 |
|
|
|a Vols. 1-20, 1904-1925. 1 v.; vols. 21-35, 1926-1940. 1 v.
|
| 650 |
|
0 |
|a History
|v Periodicals.
|
| 650 |
|
7 |
|a Jugoslawien (bis 1990)
|2 stw
|
| 650 |
|
7 |
|a Slowenien
|2 stw
|
| 650 |
|
7 |
|a Geschichtswissenschaft
|2 stw
|
| 650 |
|
7 |
|a History
|2 fast
|0 (OCoLC)fst00958235
|
| 651 |
|
0 |
|a Slovenia
|x History
|v Periodicals.
|
| 651 |
|
7 |
|a Slovenia.
|2 fast
|0 (OCoLC)fst01212712
|
| 655 |
|
0 |
|a Electronic journals.
|
| 710 |
2 |
|
|a Univerza v Mariboru.
|
| 710 |
2 |
|
|a Zgodovinsko društvo v Mariboru.
|
| 850 |
|
|
|a DLC
|
| 853 |
0 |
0 |
|8 1
|a nova vrsta l.
|i (year)
|
| 853 |
3 |
3 |
|8 2
|a Nova vrstva
|b zv.
|u 2
|v r
|i (year)
|
| 853 |
1 |
0 |
|8 3
|a Nova vrsta l.
|b zv.
|i (year)
|u 3
|v r
|
| 856 |
4 |
0 |
|z Full text available from Research Library: 01/01/2012 to present
|u https://search.proquest.com/publication/1566345
|
| 863 |
4 |
0 |
|8 1
|a <1>-
|i <1965>-
|x provisional
|
| 863 |
4 |
0 |
|8 2
|a <7>-
|i <1971>-
|x provisional
|
| 863 |
4 |
0 |
|8 3
|a <35>
|i <1999>
|x provisional
|